[Event "GER-ch Net blitz qual4"]
[Site "Playchess.com INT"]
[Date "2020.03.23"]
[Round "2"]
[White "Hingst, Silke"]
[Black "Pelvan, Serkan"]
[Result "1-0"]
[WhiteElo "1888"]
[BlackElo "1202"]
[PlyCount "47"]
[EventDate "2020.03.23"]
[EventType "swiss (blitz)"]
[EventRounds "9"]
[EventCountry "GER"]
[SourceTitle "CBM 195 Extra"]
[Source "ChessBase"]
[SourceDate "2020.05.31"]
[SourceVersion "1"]
[SourceVersionDate "2020.05.31"]
[SourceQuality "1"]

1. e4 e6 2. d4 d5 3. Nd2 c5 4. c3 Nc6 5. Ne2 Bd7 6. Nf3 Rc8 7. Be3 Qb6 8. g3 cxd4 9. cxd4 Qxb2 10. Bg2 Bb4+ 11. Bd2 Bxd2+ 12. Nxd2 Qb4 13. Rb1 Qa5 14. Rxb7 Nge7 15. 0-0 Rc7 16. Rxc7 Qxc7 17. exd5 exd5 18. Nb3 Nb4 19. Nf4 Bb5 20. Re1 0-0 21. Nc5 Bc6 22. a3 g5 23. Nh5 Na2 24. Qc2 1-0